000
00199 a2200085 4500
020
_a
9780851392134
100
_a
Cecil C. Handisyde
245
_a
Everday Details
260
_b
Butterworth Architecture
_c
1979
999
_c
13280
_d
13280